ბათუმის შოთა რუსთაველის სახელმწიფო უნივერსიტეტის ბიბლიოთეკა

მარკეტინგული გეგმები = Marketing Plans : (ბიბ.ჩანაწერი № 64102)

000 -ლიდერი
ფიქსირებული სიგრძის საკონტროლო ველი 00946nam a22002057a 4500
003 - საკონტროლო ნომრის იდენტიფიკატორი
საკონტროლო ველი Ge_BSU
005 - ბოლო ოპერაციის თარიღი და დრო
საკონტროლო ველი 20260403155210.0
008 - ფიქსირებული სიგრძის მონაცემთა ელემენტები - ზოგადი ინფორმაცია
ფიქსირებული სიგრძის საკონტროლო ველი 260403s2002 ge ||||| |||| 00| 0 geo d
020 ## - წიგნის საერთაშორისო სტანდარტული ნომერი
International Standard Book Number 9992892250
041 ## - ენის კოდი
Language code of text/sound track or separate title geo
080 ## - უნივერსალური ათობითი კლასიფიკაციის ინდექსი
Universal Decimal Classification number 339.138 მ-18
100 ## - მთავარი ჩანაწერი - პიროვნების სახელი
Personal name მაკდონალდი, მალკოლმ
9 (RLIN) 27251
245 ## - ცნობა სათაურის შესახებ
Title მარკეტინგული გეგმები = Marketing Plans :
Remainder of title მომზადება და განხორციელება /
Statement of responsibility, etc მთარგმნ.: მაკა ჩხეიძე.
264 ## - წარმოების, გამოცემის, დისტრიბუციის და სხვა ცნობები
გამოცემის, წარმოების, დისტრიბუციის... ადგილი თბ. :
გამოცემის, წარმოების, დისტრიბუციის... სახელწოდება საგანმ., მთარგმნ. და საგამომც. ცენტრი,
გამოცემის, წარმოების, დისტრიბუციის... თარიღი 2002.
300 ## - ფიზიკური აღწერა
Extent 412გვ. ;
Other physical details 28სმ.
653 ## - INDEX TERM--UNCONTROLLED
Uncontrolled term მარკეტინგი
653 ## - INDEX TERM--UNCONTROLLED
Uncontrolled term ვაჭრობის გეგმა
700 ## - ADDED ENTRY--PERSONAL NAME
Personal name ჩხეიძე, მაკა
Relator term მთარგმნელი
9 (RLIN) 27252
942 ## - ADDED ENTRY ELEMENTS (KOHA)
Source of classification or shelving scheme
Koha item type წიგნი
ეგზემპლარები
ჩამოწერის სტატუსი დაკარგული ეგზემპლარის სტატუსი კლასიფიკაციის წყარო ან თაროზე გაწყობის სქემა დაზიანების სტატუსი არ გაიცემა მუდმივი მდებარეობა (დაცვის ადგილი) ამჟამინდელი ადგილსამყოფელი თაროზე განთავსების ადგილი შეძენის თარიღი ღირებულება, შესყიდვის ნორმალური ფასი სრული შენახვის შიფრი შტრიხკოდი ბოლო ოპერაციის თარიღი ეგზემპლარის მიმდევრობითი ნომერი (კეტერი?) ფასის ძალაში შესვლის თარიღი ეგზემპლარის სახეობა საჯარო შენიშვნა
          ბათუმის შოთა რუსთაველის სახელმწიფო უნივერსიტეტის მთავარი ბიბლიოთეკა ბათუმის შოთა რუსთაველის სახელმწიფო უნივერსიტეტის მთავარი ბიბლიოთეკა წიგნსაცავი 2026-04-03 20.00 339.138 მ-18 74218 2026-04-03 74218 2026-04-03 წიგნი 20 ლ.